El ciclo vital de la familia /

Tallennettuna:
Bibliografiset tiedot
Päätekijä: Estrada Inda, Lauro (autor)
Muut tekijät: Salinas, José Luis (prólogo) (prólogo)
Aineistotyyppi: Kirja
Kieli:espanja
Julkaistu: México : Posada, 1990, c1987
Tagit: Lisää tagi
Ei tageja, Lisää ensimmäinen tagi!

MARC

LEADER 00000nam^a2200000^a^4500
001 000623460
005 20251030000000.0
009 20260310133938.405
020 |a 968-433-245-9 
037 |a Acervo Xavier Clavigero 
041 |a ESP 
091 |a FHG. 00431 
100 |a Estrada Inda, Lauro  |e (autor) 
245 1 3 |a El ciclo vital de la familia / 
264 4 |a México :  |b Posada,  |c 1990, c1987 
300 |a 133 p. 
336 |a texto  |b txt  |2 rdacontenido 
337 |a sin mediación  |b n  |2 rdamedio 
338 |a volumen  |b nc  |2 rdasoporte 
649 |a XX 
700 |a Salinas, José Luis  |e (prólogo) 
910 |a Fondo Humberto García Bedoy S.J. 
920 |a Impresos - Libros 
930 |a Fondos Especiales 
905 |a 148 
901 |a 623460-10  |b IT2  |c ESP  |i D  |u 20251030 
902 |a https://opac.biblio.iteso.mx/vufind/Record/000623460